La esclavitud en hispanoamerica /

Guardado en:
Autor Principal: Mellafe, Rolando
Formato: Libro
Publicado: Buenos Aires : Eudeba, 1964
Materias:
Etiquetas: Agregar Etiqueta
Sin Etiquetas, Sea el primero en etiquetar este registro!
LEADER 00526nam a22001815a 4500
001 CEM.cems004293
005 20060216000000.0
008 130507s1964##################000#0#####d
003 CEMS
082 0 4 |a 980 
100 1 |a Mellafe, Rolando 
245 1 0 |a La esclavitud en hispanoamerica / 
260 |a Buenos Aires :  |b Eudeba,  |c 1964 
300 |a 115 
653 |a Historia 
653 |a Historia de america 
859 |a CEMS  |b BIB. CEMS - 11 de abril  |h 980  |i M486  |p 5453.76  |t Ej.1 
859 |a CEMS  |b BIB. CEMS - 11 de abril  |h 980  |i M486  |p 5454.76  |t Ej.2